000 00481nam a2200181Ia 4500
008 230917s9999||||xx |||||||||||||| ||und||
020 _cUSD75
040 _e245103
_aMAIN
041 _aEnglish
082 _a973 F732G(5)
100 _aFoner, Eric
245 0 _aGive me liberty! :An american history
250 _a5th ed.
260 _aNew York
_bW WNurton
_c2017
300 _axlii, 1155+A198 p.
500 _a3010 23/01/2018 RBP18/68807 02/02/2018 Main Budget
942 _cBK
999 _c25543
_d25543